000 00374nam a2200145Ia 4500
008 230917s9999||||xx |||||||||||||| ||und||
040 _e217808
_aMAIN
041 _aEnglish
082 _a820.9 A14L
100 _aAravindakshan, T Y, ed.
245 0 _aLiterature and contemporary issues
260 _aChennai
_bOrient Blackswan
_c2013
300 _av, 179 p.
942 _cBK
999 _c178619
_d178619